Central Library OPAC University of Rajshahi

Writing and researching term papers and reports : (Record no. 864)

MARC details
000 -LEADER
fixed length control field 00832cam a22002651 4500
001 - CONTROL NUMBER
control field 864
003 - CONTROL NUMBER IDENTIFIER
rucl marc code BD-RjUL
005 - DATE AND TIME OF LATEST TRANSACTION
control field 20211208233236.0
008 - FIXED-LENGTH DATA ELEMENTS--GENERAL INFORMATION
fixed length control field 131123s1964 onc 001 0 eng
035 ## - SYSTEM CONTROL NUMBER
System control number (BD-RjUL)886
040 ## - CATALOGING SOURCE
Original cataloging agency DLC
Transcribing agency Wa
Modifying agency DLC
-- BD-RjUL
Language of cataloging eng
041 ## - LANGUAGE CODE
Language code of text/sound track or separate title eng
082 00 - DEWEY DECIMAL CLASSIFICATION NUMBER
Classification number 808.02
Edition number 22
Author mark and year EHW 1964
100 1# - MAIN ENTRY--PERSONAL NAME
Personal name Ehrlich, Eugene,
Dates associated with a name 1922-2008.
9 (RLIN) 2578
245 10 - TITLE STATEMENT
Title Writing and researching term papers and reports :
Remainder of title A new guide for students /
Statement of responsibility, etc. Eugene Ehrlich and Daniel Murphy.
260 ## - PUBLICATION, DISTRIBUTION, ETC. (IMPRINT)
Place of publication, distribution, etc. Toronto,
-- New York :
Name of publisher, distributor, etc. Bantam Books,
Date of publication, distribution, etc. 1964.
300 ## - PHYSICAL DESCRIPTION
Pagination viii, 149 p.
Size 18 cm.
504 ## - BIBLIOGRAPHY, ETC. NOTE
Bibliography, etc Includes index.
650 #0 - SUBJECT ADDED ENTRY--TOPICAL TERM
Topical term or geographic name as entry element Academic writing.
9 (RLIN) 1514
Topical term or geographic name as entry element Report writing.
9 (RLIN) 1593
700 1# - ADDED ENTRY--PERSONAL NAME
Personal name Murphy, Daniel Joseph,
Dates associated with a name 1921-
Relator term joint author.
942 ## - ADDED ENTRY ELEMENTS (KOHA)
Source of classification or shelving scheme Dewey Decimal Classification
Koha item type Books
Holdings
Lost status Source of classification or shelving scheme Damaged status Not for loan Collection code Permanent Location Current Location Shelving location Date acquired Source of acquisition Cost, normal purchase price Total Checkouts Full call number Date last seen Copy number Koha item type
  Dewey Decimal Classification     Non-fiction Central Library, University of Rajshahi Central Library, University of Rajshahi   16/06/1969 Zeittinger 15.00   808.02 EHW 1964 23/11/2013 C-5 Books